| 000 | 00408nam a2200145Ia 4500 | ||
|---|---|---|---|
| 008 | 130318s9999 xx 000 0 und d | ||
| 020 | _a8131511057 | ||
| 082 | _a005.18 AYA/T | ||
| 100 | _aAyala, Kenneth J | ||
| 245 | _aThe 8051 microcontroller and embedded systems using assembly and C | ||
| 260 |
_bCengage _aAustralia _c2010 |
||
| 300 | _a517 | ||
| 650 | _aEMBEDDED SYSTEMS | ||
| 700 | _aGadre, Dhanhnjay V | ||
| 999 |
_c1859 _d1859 |
||